拼音D开头的中国县级行政区County-Level Regions Starts with Pinyin D in China - Statistics

General Stats
  • This quiz has been taken 78 times
  • The average score is 83 of 159
Answer Stats
答案 % Correct
丹阳市
89%
邓州市
83%
大安区
81%
大安市
81%
当阳市
81%
东安区
81%
东安县
81%
东宁市
81%
定安县
79%
敦化市
79%
德清县
77%
东阳市
77%
独山县
77%
丹徒区
74%
东海县
74%
大理市
72%
电白区
72%
东昌区
72%
东城区
72%
东方市
72%
东湖区
72%
东平县
72%
代县
70%
定州市
70%
大兴区
68%
德安县
68%
洞口县
68%
敦煌市
68%
岱山县
66%
道县
66%
德城区
66%
登封市
66%
东山区
66%
东山县
66%
东兴区
66%
东兴市
66%
斗门区
66%
垫江县
64%
东台市
64%
端州区
64%
定远县
62%
东昌府区
62%
东港区
62%
东港市
62%
东明县
62%
大厂回族自治县
60%
岱岳区
60%
东乡区
60%
东乡族自治县
60%
达川区
57%
大宁县
57%
当涂县
57%
稻城县
57%
鼎湖区
57%
定海区
57%
定南县
57%
东丰县
57%
东营区
57%
东至县
57%
大城县
55%
大名县
55%
大通回族土族自治县
55%
大通区
55%
德兴市
55%
调兵山市
55%
迭部县
55%
鼎城区
55%
东区
55%
东西湖区
55%
洞头区
55%
大东区
53%
大同区
53%
得荣县
53%
灯塔市
53%
点军区
53%
定边县
53%
东风区
53%
都匀市
53%
堆龙德庆区
53%
大悟县
51%
大足区
51%
德格县
51%
德庆县
51%
滴道区
51%
定兴县
51%
东川区
51%
东源县
51%
都安瑶族自治县
51%
掇刀区
51%
大田县
49%
砀山县
49%
德昌县
49%
德化县
49%
德惠市
49%
东河区
49%
东丽区
49%
丹江口市
47%
道里区
47%
德江县
47%
丁青县
47%
东光县
47%
东辽县
47%
东胜区
47%
东洲区
47%
大丰区
45%
大洼区
45%
大新县
45%
大冶市
45%
道外区
45%
定陶区
45%
东宝区
45%
东阿县
45%
东坡区
45%
大方县
43%
大石桥市
43%
大英县
43%
大竹县
43%
丹棱县
43%
郸城县
43%
道真仡佬族苗族自治县
43%
德钦县
43%
定日县
43%
大化瑶族自治县
40%
叠彩区
40%
都昌县
40%
大关县
38%
大祥区
38%
大邑县
38%
丹凤县
38%
磴口县
38%
东兰县
38%
都江堰市
38%
杜尔伯特蒙古族自治县
38%
多伦县
38%
达孜区
36%
大箐山县
36%
丹巴县
36%
丹寨县
36%
当雄县
36%
杜集区
36%
达日县
34%
大埔县
34%
大荔县
34%
定结县
34%
达尔罕茂明安联合旗
32%
德保县
32%
定襄县
32%
都兰县
32%
独山子区
32%
大观区
30%
大余县
30%
东乌珠穆沁旗
30%
大姚县
28%
道孚县
21%
德令哈市
21%
达拉特旗
17%
大渡口区
17%
达坂城区
13%
大武口区
13%
No matching quizzes found
Score Distribution
Percent of People with Each Score
Percentile by Number Answered
Your Score History
You have not taken this quiz